Statistics for romania or chad

Click here to take the quiz!

General Stats

  • This quiz has been taken 75 times
    (9 since last reset)
  • The average score is 4 of 5

Answer Stats

QuestionAnswer% Correct
has a dessertchad
100%
wich one is in europeromania
100%
borders bulgariaromania
100%
borders carchad
44%
has a taller mountainchad
33%

Score Distribution

Percentile by Number Answered

Percent of People with Each Score

Your Score History

You have not taken this quiz since the last reset